Classic furniture (Record no. 12251)

MARC details
000 -LEADER
fixed length control field 00653nam a2200241 i 4500
001 - CONTROL NUMBER
control field C2-0077051
003 - CONTROL NUMBER IDENTIFIER
control field PPAK
005 - DATE AND TIME OF LATEST TRANSACTION
control field 20180727082444.0
008 - FIXED-LENGTH DATA ELEMENTS--GENERAL INFORMATION
fixed length control field 970429s sp |||| ||||| | eng d
020 ## - INTERNATIONAL STANDARD BOOK NUMBER
International Standard Book Number 847741100X
040 ## - CATALOGING SOURCE
Original cataloging agency PPAK
Language of cataloging eng
Transcribing agency PPAK
Description conventions rda
082 04 - DEWEY DECIMAL CLASSIFICATION NUMBER
Classification number 649.1
Edition number 23
090 00 - LOCALLY ASSIGNED LC-TYPE CALL NUMBER (OCLC); LOCAL CALL NUMBER (RLIN)
Classification number (OCLC) (R) ; Classification number, CALL (RLIN) (NR) 649.1
Feature heading CLA
Feature heading R
245 00 - TITLE STATEMENT
Title Classic furniture
250 ## - EDITION STATEMENT
Edition statement Cerver, Francisco Asensio
264 #1 - PRODUCTION, PUBLICATION, DISTRIBUTION, MANUFACTURE, AND COPYRIGHT NOTICE
Place of production, publication, distribution, manufacture Barcelona, Spain :
Name of producer, publisher, distributor, manufacturer Ediciones Atrium, SA. ,
Date of production, publication, distribution, manufacture, or copyright notice [date of publication not identified]
336 ## - CONTENT TYPE
Source rdacontent
Content type term text
337 ## - MEDIA TYPE
Source rdamedia
Media type term unmediated
338 ## - CARRIER TYPE
Source rdacarrier
Carrier type term volume
500 ## - GENERAL NOTE
General note Vol. 1 & 2
650 10 - SUBJECT ADDED ENTRY--TOPICAL TERM
Topical term or geographic name entry element Furniture
942 ## - ADDED ENTRY ELEMENTS (KOHA)
-- dc
Koha item type Book
Holdings
Withdrawn Not for loan Current library Shelving location Date acquired Full call number Barcode Date last seen Koha item type
  Not For Loan Perpustakaan Alor Setar Rujukan Dewasa 08/09/1999 R 649.1 CLA A00114243 08/05/2018 Book
  Not For Loan Perpustakaan Alor Setar Rujukan Dewasa 08/09/1999 R 649.1 CLA A00114244 08/05/2018 Book